[Event "3rd GRENKE Chess Open 2018"]
[Site "Karlsruhe"]
[Date "2018.04.01"]
[Round "6"]
[White "Kuljasevic, Davorin"]
[Black "Horton, Andrew P"]
[Result "1/2-1/2"]
[WhiteElo "2538"]
[BlackElo "2393"]
[Annotator "TA"]
[PlyCount "85"]
[EventDate "2018.??.??"]
[EventType "swiss"]
[EventCountry "GER"]
[SourceTitle "playchess.com"]
[Source "ChessBase"]
[SourceQuality "1"]

{[%evp 28,85,48,44,43,40,56,45,61,46,69,69,69,45,46,45,56,56,60,55,69,69,71,70,77,69,81,51,77,69,85,91,74,46,56,51,75,59,60,69,65,34,86,0,27,12,35,48,60,0,22,25,31,1,32,32,33,8,8,1]} 1. d4 Nf6 2. c4 e6 3. Nf3 Bb4+ 4. Nbd2 b6 5. a3 Bxd2+ 6. Qxd2 Bb7 7. e3 O-O 8. Be2 a5 9. b3 d6 10. O-O Nbd7 11. Bb2 Ne4 {E14: Queen's Indian: Classical Variation (4 e3)} (11... Qe7 12. Qc2 c5 13. Rfd1 Rfd8 14. Qc3 Ne4 15. Qe1 h6 16. Nd2 Nef6 17. Nb1 cxd4 18. exd4 e5 19. Bf1 e4 {1-0 (64) Wojtaszek,R (2742)-Moiseenko,A (2698) Germany 2015}) 12. Qc2 f5 13. d5 e5 14. Nd2 Nxd2 15. Qxd2 {LiveBook: 6 Games} Qe7 16. b4 Ra7 $146 ({Predecessor:} 16... axb4 17. axb4 Nf6 18. f3 b5 19. cxb5 Bxd5 20. Ra5 Be6 21. Rfa1 {1-0 (37) Flumbort,A (2463)-Horvath,S (2250) Hungary 2016}) 17. Rad1 Nf6 18. Bd3 {[%cal Be2d3,Bd3c2,Bc2b3][%mdl 32]} Qd7 19. f4 e4 20. Bc2 Qe7 21. Bb3 axb4 22. axb4 Rfa8 23. Bd4 Qd8 24. Qb2 Bc8 25. Ra1 Kf7 26. Rxa7 Rxa7 27. c5 bxc5 28. bxc5 Ra8 29. Rc1 Ba6 30. Qc3 Kg6 31. h3 Bd3 32. Qe1 {Qg3+ is the strong threat.} h6 33. cxd6 cxd6 34. Rc6 Bb5 (34... Rb8 $14 35. Qc3 Kh7) 35. Rc1 ({Better is} 35. Rb6 $16 Bd3 36. Qb4 (36. Qg3+ Kh7 $16)) 35... Be8 36. Qh4 Nh5 37. Qf2 Nf6 38. Qh4 (38. g4 $5) 38... Nh5 39. Qxd8 Rxd8 40. g4 Nf6 41. gxf5+ Kxf5 42. Rc7 Rd7 43. Rxd7 {Precision: White = 63%, Black = 51%.} 1/2-1/2

[Event "3rd GRENKE Chess Open 2018"]
[Site "Karlsruhe"]
[Date "2018.04.01"]
[Round "6"]
[White "Kollars, Dmitrij"]
[Black "Gordievsky, Dmitry"]
[Result "1/2-1/2"]
[WhiteElo "2534"]
[BlackElo "2630"]
[Annotator "TA"]
[PlyCount "55"]
[EventDate "2018.??.??"]
[EventType "swiss"]
[EventCountry "GER"]
[SourceTitle "playchess.com"]
[Source "ChessBase"]
[SourceQuality "1"]

{[%evp 18,55,14,10,14,12,21,10,12,25,41,1,2,3,4,-1,0,0,0,0,0,0,0,0,0,0,0,0,0,0,0,0,0,-2,0,0,0,0,0,0]} 1. e4 c5 2. Nf3 e6 3. d4 cxd4 4. Nxd4 a6 5. c4 Nf6 6. Nc3 Qc7 7. Be2 Bb4 8. O-O O-O {B41: Sicilian: Kan Variation: 5 c4} 9. Bg5 (9. Qd3 d6 10. Bd2 Nc6 11. Nb3 b6 12. Rac1 Bc5 13. Bg5 Bb7 14. Qg3 Kh8 15. Rfd1 Ne5 16. Nxc5 bxc5 {0-1 (34) Naiditsch,A (2705)-Artemiev,V (2691) Riadh 2017}) 9... Bxc3 10. Bxf6 $1 {LiveBook: 12 Games} Bb4 11. Bg5 Nc6 12. Be3 Bd6 13. g3 Rd8 $146 ({Predecessor:} 13... Nxd4 14. Qxd4 Be5 15. Qb6 Qxb6 16. Bxb6 {1-0 (53) Kanarek,M (2512)-Radovanovic,M (2422) Lisbon 2018}) 14. Nxc6 dxc6 {The position is equal.} 15. Qc2 c5 16. f4 b6 17. e5 Bf8 18. Bf3 Bb7 19. Be4 g6 20. Rfd1 Rxd1+ 21. Rxd1 Bxe4 22. Qxe4 Rd8 23. Rd3 Rxd3 24. Qxd3 Qc6 25. Bc1 Be7 26. b3 f5 27. a4 Kf7 28. Bd2 {Precision: White = 71%, Black = 86%.} 1/2-1/2

[Event "3rd GRENKE Chess Open 2018"]
[Site "Karlsruhe"]
[Date "2018.04.01"]
[Round "6"]
[White "Burmakin, Vladimir"]
[Black "Schmidek, Emil"]
[Result "1-0"]
[WhiteElo "2522"]
[BlackElo "2389"]
[Annotator "TA"]
[PlyCount "73"]
[EventDate "2018.??.??"]
[EventType "swiss"]
[EventCountry "GER"]
[SourceTitle "playchess.com"]
[Source "ChessBase"]
[SourceQuality "1"]

{[%evp 16,73,18,15,25,13,47,54,59,50,132,133,134,140,145,136,129,114,114,114,118,116,157,163,164,162,137,146,167,149,180,194,224,233,246,246,261,257,272,247,300,292,315,331,309,291,362,340,578,581,578,578,595,586,654,658,659,658,673,693]} 1. Nf3 Nf6 2. g3 g6 3. b3 Bg7 4. Bb2 O-O 5. Bg2 d5 6. c4 dxc4 7. bxc4 c5 8. O-O Nc6 9. d3 {LiveBook: 56 Games} Qc7 {A05: Réti Opening: 1 Nf3 Nf6} (9... Rb8 10. Nc3 b6 11. e3 Bb7 12. Qe2 e6 13. Rfd1 Qe7 14. Rac1 Rfd8 15. d4 Na5 16. Ba3 Nd7 17. Nb5 {1-0 (70) Edouard,R (2636)-Bartel,M (2622) Berlin 2015}) 10. Nc3 a6 11. Rb1 Rb8 {White is slightly better.} 12. Bc1 $146 ({Predecessor:} 12. a4 Rd8 13. Qb3 Be6 14. Bc1 Bg4 15. Qa3 b6 16. a5 bxa5 17. Qxc5 {0-1 (32) Prelevic,D (2342)-Sorgic,D (2310) Valjevo 2010}) 12... b5 (12... b6 $14) 13. cxb5 $16 axb5 14. Nxb5 Qa5 15. a4 Bd7 16. Be3 Nd5 17. Bxc5 Nc3 18. Nxc3 Qxc5 19. Nb5 Na7 {[%cal Ra7b5]} 20. d4 Qb6 21. Nc3 Qa5 {[#]} 22. Qd2 $1 Rxb1 23. Rxb1 ({Don't play} 23. Nxb1 $6 Qxa4 24. Nc3 Qa3 $16) 23... Rc8 24. Ne4 Qxd2 25. Nexd2 Nc6 26. Rb7 Be6 27. e3 Bf6 28. h4 Na5 {[#] And now ...Rc1+ would win.} 29. Rb5 Nc4 30. Ne4 Na3 31. Rc5 Ra8 $2 (31... Nc4 32. Bf1 Rxc5) 32. Nxf6+ $18 {White is clearly winning.} exf6 33. a5 {[%cal Ba4a5,Ba5a6][%mdl 32]} Ra7 34. Nd2 Bd7 35. Bf1 Kf8 36. a6 Ke7 37. Bd3 {Precision: White = 92%, Black = 33%.} 1-0

[Event "3rd GRENKE Chess Open 2018"]
[Site "Karlsruhe"]
[Date "2018.04.01"]
[Round "6"]
[White "Schlosser, Philipp"]
[Black "Kozul, Zdenko"]
[Result "1/2-1/2"]
[WhiteElo "2510"]
[BlackElo "2617"]
[Annotator "TA"]
[PlyCount "74"]
[EventDate "2018.??.??"]
[EventType "swiss"]
[EventCountry "GER"]
[SourceTitle "playchess.com"]
[Source "ChessBase"]
[SourceQuality "1"]

{[%evp 14,74,29,12,15,10,10,8,14,13,17,4,10,18,26,12,12,0,0,0,9,-5,-5,-5,-2,-3,-2,-6,0,-5,-4,-8,-4,-5,-4,-9,-8,-13,0,0,0,0,0,-21,-2,-2,0,-6,-2,-11,-2,-2,0,0,0,0,0,0,0,0,0,0,0]} 1. d4 Nf6 2. Nf3 g6 3. Nbd2 d5 4. e3 Bg7 5. b4 O-O 6. c4 c6 7. Bb2 Bg4 8. Be2 {LiveBook: 21 Games. A48: 1 d4 Nf6 2 Nf3 g6: Torre, London and Colle Systems} Ne4 (8... Nbd7 9. O-O e6 10. h3 Bxf3 11. Bxf3 a5 12. b5 cxb5 13. cxb5 a4 14. Ba3 Re8 15. Rc1 Bf8 {0-1 (78) Moskalenko,A (2490)-Zvjaginsev,V (2673) Moscow 2016}) 9. O-O Nxd2 $146 ({Find the theoretical novelty and annotate with similar games:} 9... Nd7 10. Nxe4 dxe4 11. Nd2 Bxe2 12. Qxe2 f5 13. f3 exf3 14. Nxf3 {1-0 (106) Esen,B (2528)-Atakisi,U (2373) Kocaeli 2017}) 10. Nxd2 Bxe2 11. Qxe2 Nd7 12. Rfd1 Re8 13. a4 a6 14. h3 e6 {The position is equal.} 15. b5 axb5 16. axb5 Qe7 17. Nf3 Qb4 18. bxc6 bxc6 19. cxd5 cxd5 20. Qd2 Qb5 21. Bc3 Rxa1 22. Rxa1 Rb8 23. Qa2 Nf6 24. Be1 Ne4 25. Qc2 Qb2 26. Qxb2 Rxb2 27. Ra8+ Bf8 28. Ra1 f6 29. Kf1 g5 30. Ng1 h5 31. Ne2 h4 32. Nc3 Nxc3 33. Bxc3 Rc2 34. Be1 Kf7 35. Rb1 Ba3 36. Rb3 Bb2 37. Rd3 Kg6 {Precision: White = 53%, Black = 44%.} 1/2-1/2

[Event "3rd GRENKE Chess Open 2018"]
[Site "Karlsruhe"]
[Date "2018.04.01"]
[Round "6"]
[White "Kanarek, Marcel"]
[Black "Meinhardt, Maximilian"]
[Result "1/2-1/2"]
[WhiteElo "2506"]
[BlackElo "2387"]
[Annotator "TA"]
[PlyCount "46"]
[EventDate "2018.??.??"]
[EventType "swiss"]
[EventCountry "GER"]
[SourceTitle "playchess.com"]
[Source "ChessBase"]
[SourceQuality "1"]

{[%evp 28,46,0,0,30,0,102,58,85,85,58,66,80,77,111,114,105,78,118,67,106]} 1. c4 e6 2. Nc3 d5 3. d4 c6 4. Nf3 dxc4 5. a4 Bb4 6. e3 b5 7. Bd2 a5 8. axb5 Bxc3 9. Bxc3 cxb5 10. b3 Bb7 11. bxc4 b4 12. Bb2 Nf6 13. c5 {D31: Queen's Gambit Declined: Semi-Slav without ...Nf6 (+ Marshall Gambit and Noteboom) and Exchange Variation lines without ...Nf6} O-O 14. Bb5 Qd5 (14... Ba6 15. Qa4 Qd5 16. Qxa5 Nc6 17. Qxa6 Rxa6 18. Rxa6 Qb3 19. Bxc6 Qxb2 20. O-O b3 {½-½ (28) Donchenko,A (2563)-Tomashevsky,E (2696) Minsk 2017}) 15. O-O {LiveBook: 7 Games. The position is equal.} Nbd7 $146 ({Predecessor:} 15... Nc6 16. Qe2 Ne7 17. Ra4 Ra7 18. Rfa1 Rfa8 19. Qf1 Ne4 20. Bc4 Qd8 {½-½ (60) Lai,H (2419)-Godart,F (2376) Belgium 2017}) 16. Ne1 {[%cal Bf3e1,Be1d3,Bd3e5][%mdl 32]} Nb6 (16... Bc6 $11 17. Ba4 Qe4) 17. Qe2 Nc8 18. f3 {Strongly threatening e4.} Bc6 19. Bc4 Qd7 20. Nd3 Qb7 21. Ne5 Be8 22. Rfb1 Ne7 {[#]} 23. e4 (23. Bd3 $1 $16) 23... Qc7 1/2-1/2

[Event "3rd GRENKE Chess Open 2018"]
[Site "Karlsruhe"]
[Date "2018.04.01"]
[Round "6"]
[White "Korpa, Bence"]
[Black "Zeller, Frank"]
[Result "1/2-1/2"]
[WhiteElo "2502"]
[BlackElo "2368"]
[Annotator "TA"]
[PlyCount "43"]
[EventDate "2018.??.??"]
[EventType "swiss"]
[EventCountry "GER"]
[SourceTitle "playchess.com"]
[Source "ChessBase"]
[SourceQuality "1"]

{[%evp 29,43,-30,-18,-16,-25,-25,-20,-28,-34,-29,-14,-38,-35,-58,-55,-55]} 1. d4 Nf6 2. c4 c5 3. Nf3 cxd4 4. Nxd4 Nc6 5. Nc3 e6 {[%cal Be7e6,Be6e5][%mdl 32]} 6. Ndb5 d5 7. Bf4 e5 8. cxd5 exf4 9. dxc6 bxc6 10. Qxd8+ Kxd8 11. Rd1+ Bd7 12. Nd6 Kc7 13. Nxf7 Rg8 14. g3 {A33: Symmetrical English: 2 Nf3 Nf6 3 d4 cxd4 4 Nxd4 e6 5 Nc3 Nc6} (14. Ne5 Rb8 15. Nxd7 Nxd7 16. g3 Rxb2 17. Bh3 Nf6 18. O-O Bb4 19. Rc1 Rd8 20. Bg2 Rdd2 21. gxf4 Rbc2 {½-½ (40) Nakamura,H (2775)-Kramnik,V (2801) Moscow 2012}) 14... Rb8 15. Rd2 Bb4 {[#] LiveBook: 3 Games. aiming for ...Ba5.} 16. Ne5 $146 {The position is equal.} ({Predecessor:} 16. Bg2 Bxc3 17. bxc3 Rb1+ 18. Rd1 Rxd1+ 19. Kxd1 Rb8 20. gxf4 Rb2 21. Ne5 Bf5 22. h4 Rxa2 23. c4 a5 24. Bxc6 a4 25. Kc1 a3 {0-1 (25) Hochgraefe,M (2316)-Feuerstack,A (2452) Germany 2014}) 16... Ba5 {And now ...Rxb2! would win.} 17. Nxd7 ({But not} 17. gxf4 $2 {[#]} Rxb2 $1 {[%mdl 512]} 18. Rxb2 Bxc3+ 19. Rd2 Ne4 $19) 17... Rxb2 $1 18. Rxb2 Bxc3+ 19. Kd1 Bxb2 20. Nc5 Ng4 21. Kc2 Nxf2 22. Rg1 1/2-1/2

[Event "3rd GRENKE Chess Open 2018"]
[Site "Karlsruhe"]
[Date "2018.04.01"]
[Round "6"]
[White "Bellahcene, Bilel"]
[Black "Buhmann, Rainer"]
[Result "1/2-1/2"]
[WhiteElo "2488"]
[BlackElo "2588"]
[Annotator "TA"]
[PlyCount "41"]
[EventDate "2018.??.??"]
[EventType "swiss"]
[EventCountry "GER"]
[SourceTitle "playchess.com"]
[Source "ChessBase"]
[SourceQuality "1"]

{[%evp 15,41,3,15,0,19,12,11,2,5,12,20,19,16,1,13,9,4,-20,7,8,13,4,27,0,-8,-4,-6,-14]} 1. e4 e5 2. Nf3 Nc6 3. Bb5 a6 4. Ba4 Nf6 5. O-O Be7 6. d3 b5 7. Bb3 d6 8. a3 {C84: Closed Ruy Lopez: Unusual White 6th moves} O-O {LiveBook: 439 Games} 9. Bd2 Nb8 {[%cal Bc6b8,Bb8d7,Bd7c5][%mdl 32]} 10. Nc3 c6 $146 ({Find the theoretical novelty and annotate with similar games:} 10... Nbd7 11. a4 Rb8 12. axb5 axb5 13. Ba2 c6 14. Ne2 d5 15. Ng3 Bc5 16. exd5 cxd5 17. d4 exd4 {1-0 (55) Bacrot,E (2715)-Wojtaszek,R (2745) Linares 2017}) 11. Ne2 Nbd7 12. Ng3 Nc5 13. Ba2 Be6 14. Re1 Bxa2 15. Rxa2 Re8 16. d4 Ncd7 17. a4 Bf8 18. b3 Qc7 19. Bc3 exd4 20. Bxd4 c5 21. Bb2 {Precision: White = 37%, Black = 80%.} 1/2-1/2

[Event "3rd GRENKE Chess Open 2018"]
[Site "Karlsruhe"]
[Date "2018.04.01"]
[Round "6"]
[White "Pavlovic, Milos"]
[Black "Parvanyan, Ashot"]
[Result "1-0"]
[WhiteElo "2471"]
[BlackElo "2383"]
[Annotator "TA"]
[PlyCount "74"]
[EventDate "2018.??.??"]
[EventType "swiss"]
[EventCountry "GER"]
[SourceTitle "playchess.com"]
[Source "ChessBase"]
[SourceQuality "1"]

{[%evp 18,74,63,62,94,89,112,112,104,97,106,98,95,101,122,129,141,118,135,127,131,135,126,130,120,121,127,106,106,115,227,187,181,177,170,166,238,153,158,147,150,153,146,154,193,205,197,193,175,170,362,340,29998,-1445,677,-1395,520,-876,29990]} 1. d4 Nf6 2. Nf3 g6 3. g3 Bg7 4. Bg2 O-O 5. O-O d6 6. b3 c5 7. c4 Nc6 8. Bb2 Ne4 9. e3 Bg4 10. Qc1 $1 {LiveBook: 18 Games} Qc7 {E60: King's Indian: Unusual lines and Fianchetto Variation without Nc3} 11. d5 $146 ({Predecessor:} 11. Nh4 Nf6 12. h3 Bd7 13. Nd2 cxd4 14. exd4 e5 15. d5 Ne7 16. Re1 Rac8 17. a4 Nh5 18. Nhf3 {1-0 (31) Dizdarevic,E (2540)-Nijboer,F (2555) Hilversum 1993}) 11... Na5 12. Bxg7 Kxg7 {White is better.} 13. Nh4 Nf6 14. Nd2 Bd7 15. Qc3 b5 16. e4 Rab8 17. f4 {[%cal Bf2f4,Bf4e5][%mdl 32] Strongly threatening e5.} b4 18. Qb2 {Black must now prevent e5.} e5 19. dxe6 fxe6 20. Nhf3 Nc6 21. e5 dxe5 22. fxe5 Ng4 23. Rae1 Ne7 (23... Rbd8 $16) 24. h3 Nh6 {[%cal Bg4h6,Bh6f7,Bf7g5][%mdl 32]} 25. Ne4 Nf7 26. g4 h6 (26... Rbd8 {was necessary.} 27. Qf2 a5 28. Qxc5 (28. Qh4 Bc8 $18) 28... Qxc5+ 29. Nxc5 Bc8) 27. Rd1 Bc6 28. Nxc5 Qb6 29. Qd4 Bxf3 30. Bxf3 Ng5 31. Bg2 {Hoping for Qd6.} Rbd8 {[#]} 32. Nd7 $1 {[%cal Rd7b6]} ({Inferior is} 32. Qe3 Rxf1+ 33. Rxf1 Rc8 $11) 32... Rxf1+ ({Avoid the trap} 32... Rxd7 $2 33. Qxb6 Rxf1+ 34. Bxf1 $18) 33. Kxf1 Qa5 $2 (33... Qc7 34. Ke2 Nd5 35. cxd5 Rxd7) 34. Qf2 $18 {aiming for Qf6+.} Rf8 $2 (34... Nh7 $18 35. Rd4 h5) 35. Nc5 $4 {[%mdl 8192]} (35. Qxf8+ {avoids the disaster.} Kh7 36. Nf6#) 35... Qb6 $4 {[%mdl 8192] [#]} (35... Rxf2+ $19 36. Kxf2 Qxc5+ 37. Kf1 Qxe5) 36. Kg1 $4 {[%mdl 8192]} (36. Qxf8+ $1 $18 {[%mdl 512]} Kxf8 37. Nd7+ Ke8 38. Nxb6 axb6 39. Rd6) 36... Rd8 $4 {[%mdl 8192]} (36... Rxf2 $19 37. Kxf2 Qxc5+ 38. Kf1 Qxe5) 37. Kf1 $4 {[%mdl 8192]} (37. Rxd8 $18 Qxd8 38. h4 Qd1+ 39. Kh2) 37... Rd4 $4 {[%mdl 8192] Precision: White = 65%, Black = 35%.} (37... Rxd1+ $19 38. Ke2 Qd8 39. Qf6+ Kh7) 1-0

[Event "3rd GRENKE Chess Open 2018"]
[Site "Karlsruhe"]
[Date "2018.04.01"]
[Round "6"]
[White "Basso, Pier Luigi"]
[Black "Vijayalakshmi, Subbaraman"]
[Result "1/2-1/2"]
[WhiteElo "2459"]
[BlackElo "2345"]
[Annotator "TA"]
[PlyCount "99"]
[EventDate "2018.??.??"]
[EventType "swiss"]
[EventCountry "GER"]
[SourceTitle "playchess.com"]
[Source "ChessBase"]
[SourceQuality "1"]

{[%evp 24,99,83,87,80,84,95,62,87,66,66,65,65,65,71,64,62,70,71,71,69,52,79,39,14,27,21,0,0,-5,0,0,0,0,0,0,0,0,0,0,0,0,75,101,98,102,220,0,0,0,0,0,5,0,0,0,0,0,0,0,0,0,0,0,0,0,0,0,0,0,1,0,0,0,0,0,0,0]} 1. d4 d6 2. g3 g6 3. Bg2 Bg7 4. Nf3 Nf6 5. O-O O-O 6. b3 Nbd7 7. Bb2 e5 8. dxe5 Ng4 9. c4 Ngxe5 10. Nc3 Nxf3+ 11. Bxf3 Ne5 12. Bg2 Nc6 13. Qd2 Be6 {E60: King's Indian: Unusual lines and Fianchetto Variation without Nc3} 14. Rad1 $146 ({Predecessor:} 14. Nd5 Bxd5 15. Bxd5 Qe7 {1-0 (50) Ivanov,V (2373)-Gronde,I (2219) Germany 2016}) 14... Qf6 15. Rb1 Rae8 {White is slightly better.} 16. Nb5 Qe7 17. Bxg7 Kxg7 18. Nxa7 Nxa7 19. Qd4+ Kg8 {Strongly threatening ...Nc6.} 20. Qxa7 Ra8 21. Qxb7 Rxa2 22. e3 {[%cal Be2e3,Be3e4][%mdl 32]} Bf5 23. e4 Bc8 24. Qd5 Qf6 25. Qc6 Bg4 26. e5 Qxe5 27. Rbe1 $36 {[%mdl 2048] White is pushing.} (27. Qxc7 Be2 $17) 27... Qf6 28. Re3 Be2 29. Re1 $1 Bg4 30. Bf3 Bh3 31. Qxc7 Qb2 32. Be2 $1 (32. R3e2 $2 Qc3 $19) 32... Qd2 (32... Ra1 $11 33. Bf1 Qc3) 33. Rd1 $16 Rfa8 {[#]} 34. Qc6 $1 ({Don't go for} 34. Rxd2 $2 Rxd2 35. Qd8+ (35. Bf1 {leads to mate.} Rd1 36. Qxf7+ Kxf7 37. Rf3+ Kg7 38. Rf7+ Kxf7 39. Kh1 Rxf1#) 35... Rxd8 $19) ({Avoid the trap} 34. Qxd6 $2 Qxd6 35. Rxd6 {[#]} Rxe2 $1 $19 {[%mdl 512]}) 34... Qc2 (34... Qb2 $16 {might work better.}) 35. Qe4 $2 (35. Qxd6 $18 {aiming for Qf6.} Rc8 36. Qf4) 35... Qxe4 $11 {The position is equal.} 36. Rxe4 Rb2 37. Bf1 Bf5 38. Rf4 Rxb3 39. Rxd6 Ra1 {( -> ...Bh3)} 40. Kg2 Rbb1 41. Bd3 Rg1+ 42. Kf3 Ra3 43. Ke2 Ra2+ 44. Ke3 Re1+ 45. Kf3 Ra3 46. Rfd4 Rc1 47. Ke2 {Hoping for Bxf5.} Bxd3+ 48. Rxd3 Rxd3 49. Rxd3 Rxc4 50. h4 {Precision: White = 56%, Black = 74%.} 1/2-1/2

[Event "3rd GRENKE Chess Open 2018"]
[Site "Karlsruhe"]
[Date "2018.04.01"]
[Round "6"]
[White "Milov, Leonid"]
[Black "Muckle, Julius"]
[Result "1/2-1/2"]
[WhiteElo "2458"]
[BlackElo "2297"]
[Annotator "TA"]
[PlyCount "45"]
[EventDate "2018.??.??"]
[EventType "swiss"]
[EventCountry "GER"]
[SourceTitle "playchess.com"]
[Source "ChessBase"]
[SourceQuality "1"]

{[%evp 16,45,-15,0,25,23,31,24,36,-14,0,-27,-24,-33,-26,-42,-40,-39,-43,-69,-25,-28,-20,-16,-19,-28,-21,-41,-41,-31,-35,-85]} 1. e4 e6 2. Nf3 d5 3. Nc3 Nf6 4. e5 Nfd7 5. d4 c5 6. Ne2 Nc6 7. c3 Qb6 8. g3 cxd4 9. cxd4 {LiveBook: 13 Games} Bb4+ {C11: French: Classical System: 4 e5 and 4 Bg5 dxe4} (9... f6 10. exf6 Nxf6 11. Bg2 Bb4+ 12. Bd2 Bxd2+ 13. Qxd2 Ne4 14. Qc1 Qb5 15. Nc3 Qd3 16. Nxe4 Qxe4+ 17. Qe3 {½-½ (40) Gharamian,T (2655)-Edouard,R (2692) Saint-Quentin 2014}) 10. Nc3 f6 11. exf6 $1 Nxf6 {[#] aiming for ...Ne4.White has an edge.} 12. Bg2 Ne4 13. Qd3 (13. Bd2 $5) 13... Qa6 14. Qxa6 bxa6 15. Bd2 $146 ({Find the theoretical novelty and annotate with similar games:} 15. Ne5 Nxe5 16. Bxe4 {0-1 (23) Gacogne,C (2003)-Tremblay,R (2223) Montreal 2005}) 15... Nxd2 16. Kxd2 O-O {And now ...Nxd4! would win.} 17. Ke2 {[#]} Rxf3 $1 {[%mdl 512]} 18. Kxf3 {Threatens to win with Rhd1.} Nxd4+ 19. Ke3 $1 {[%cal Re3d4]} Bxc3 20. bxc3 Nc2+ 21. Kd2 Nxa1 22. Rxa1 Rb8 23. Kc2 1/2-1/2

[Event "3rd GRENKE Chess Open 2018"]
[Site "Karlsruhe"]
[Date "2018.04.01"]
[Round "6"]
[White "Beerdsen, Thomas"]
[Black "Petkidis, Anthony"]
[Result "1/2-1/2"]
[WhiteElo "2447"]
[BlackElo "2314"]
[Annotator "TA"]
[PlyCount "141"]
[EventDate "2018.??.??"]
[EventType "swiss"]
[EventCountry "GER"]
[SourceTitle "playchess.com"]
[Source "ChessBase"]
[SourceQuality "1"]

{[%evp 16,141,-20,-22,-20,-19,-26,-34,-29,-10,-9,-12,-12,-57,-28,-56,-66,-84,0,-41,-5,-12,-11,-29,-25,-33,-35,-46,-40,-47,-32,-46,-52,-110,-106,-96,-77,-187,-187,-187,-177,-175,-108,-108,-108,-108,-108,-108,-108,-108,-108,-108,-108,-108,-108,-108,0,0,0,-108,-108,-108,-108,-108,-108,-108,-108,-108,-108,-108,-108,-117,-108,-108,-108,-115,-108,-115,0,-115,-108,-108,-108,-108,-108,-108,-19,-108,-108,-108,-108,-108,0,0,0,-108,-108,-108,-108,-108,0,-108,-108,-108,-108,-108,-108,-108,-108,-108,0,0,0,0,0,0,0,0,0,0,0,0,0,0,0,0,0,0]} 1. e4 e5 2. Bc4 Nc6 3. Nc3 Nf6 4. d3 Na5 5. Nf3 Nxc4 6. dxc4 Bb4 7. Qd3 d6 {C28: Vienna Game: 2...Nf6 3 Bc4 Nc6} 8. Bd2 Bxc3 9. Bxc3 {LiveBook: 5 Games} Nd7 10. O-O-O O-O 11. Qe3 $146 ({Find the theoretical novelty and annotate with similar games:} 11. Kb1 Qe7 12. h3 Nc5 13. Qe3 Be6 14. b3 f6 15. Nd2 {0-1 (43) Radlovacki,J (2412)-Kadric,D (2407) Novi Sad 2012}) 11... Qe7 12. h4 Nc5 13. h5 h6 14. Rdg1 f5 15. exf5 Bxf5 16. Nh4 Qg5 (16... Bh7 $17 17. g4 Qg5) 17. Bd2 (17. Qxg5 {NOTEXT} hxg5 18. Nxf5 Rxf5 19. f3 g4 20. h6) 17... Qxe3 ({Don't play} 17... Qxh5 $6 18. g4 $1 $16 {[%mdl 512]}) 18. Bxe3 Ne6 19. Rh2 Be4 20. f3 Bh7 $36 {[%mdl 2048] Black is pushing.} 21. g3 a6 22. Rd2 b6 23. Rdg2 b5 24. cxb5 ({White should try} 24. c5 $15) 24... axb5 $17 25. a3 d5 26. g4 {[#]} (26. Rd1 $17 d4 27. Bg1) 26... b4 $1 $19 {[%mdl 512]} 27. g5 {aiming for g6.} (27. axb4 d4) 27... bxa3 28. bxa3 {With the idea g6.} Rxa3 (28... hxg5 $19 29. Bxg5 Rf7) 29. gxh6 $17 {[%cal Rg2g7]} Rxe3 30. Rxg7+ Nxg7 31. Rxg7+ Kh8 32. Ng6+ Bxg6 33. hxg6 {[#]} Rf6 $1 ({Reject} 33... Rexf3 $6 34. Rh7+ Kg8 35. Rg7+ Kh8 36. Rh7+ Kg8 37. Rg7+ Kh8 $11) ({Avoid the trap} 33... Rfxf3 $2 34. Re7 $18) 34. Rh7+ Kg8 35. Rg7+ Kh8 36. Rh7+ Kg8 37. Rg7+ Kf8 38. Rxc7 {White wants to mate with g7+.} Rxg6 39. Rc8+ Ke7 40. h7 Rh6 {And now ...Re1+ would win.} 41. h8=Q Rxh8 42. Rxh8 Rxf3 {[%mdl 4096] Endgame KR-KR} 43. Kd2 Ke6 44. c3 Kf5 45. Rh4 Rf4 46. Rh1 Rf3 47. Rh4 $1 Kg5 48. Rh8 e4 49. Rd8 Rd3+ 50. Ke2 {[#]} Kf6 (50... Kf4 $1 $17 {Threatening ...Kf5.} 51. Rc8 Rh3 52. Rf8+ Ke5 53. Re8+ Kf5) 51. Rf8+ (51. Rc8 $1 $11 {remains equal.}) 51... Ke7 52. Rc8 Kd6 53. Ke1 Kd7 (53... Rf3 $17 54. Kd2 Ke7) 54. Rc5 $11 Kd6 ({Black should play} 54... Ke7 $11) 55. Rc8 $17 Rh3 56. Ke2 Rh2+ 57. Ke3 Rh3+ 58. Ke2 $1 Rh1 59. Ke3 Rc1 60. Kd2 Rf1 61. Ke3 Rf3+ 62. Ke2 Ke5 (62... Rg3 $17 63. Kd2 Rd3+ 64. Kc2 Kd7) 63. Re8+ $11 {The position is equal.} Kf4 64. Rf8+ Kg3 65. Rg8+ Kh3 66. Rh8+ Kg2 67. Rg8+ Rg3 68. Rxg3+ Kxg3 69. Ke3 Kg4 {[#] ...Kf5 is the strong threat.} 70. c4 $1 {[%mdl 512]} dxc4 {( -> ...c3)} 71. Kxe4 {Precision: White = 61%, Black = 58%.} 1/2-1/2